[Event "WCO2014"]
[Site "Tromso"]
[Date "2014.08.09"]
[Round "7.25"]
[WhiteID "13202316"]
[White "Kim Yubin"]
[BlackID "1513591"]
[Black "Machlik Edit"]
[Result "0-1"]
[LiveChessVersion "1.4.3"]
[BlackElo "1950"]
[WhiteElo "1421"]

1. e4 {[%clk 1:30:51]} c6 {[%clk 1:30:55]} 2. d4 {[%clk 1:31:15]} d5
{[%clk 1:31:22]} 3. exd5 {[%clk 1:31:38]} cxd5 {[%clk 1:31:48]} 4. Bd3
{[%clk 1:31:48]} Nc6 {[%clk 1:32:10]} 5. c3 {[%clk 1:32:08]} Nf6 {[%clk 1:32:06]}
6. Bf4 {[%clk 1:32:11]} Bg4 {[%clk 1:28:53]} 7. Qb3 {[%clk 1:31:24]} Qd7
{[%clk 1:21:43]} 8. Nd2 {[%clk 1:28:52]} e6 {[%clk 1:20:17]} 9. Ngf3
{[%clk 1:28:55]} Be7 {[%clk 1:16:38]} 10. O-O {[%clk 1:21:20]} O-O
{[%clk 1:16:36]} 11. Rfe1 {[%clk 1:16:40]} Bh5 {[%clk 1:05:24]} 12. Rac1
{[%clk 0:58:56]} Na5 {[%clk 0:59:32]} 13. Qb5 {[%clk 0:51:11]} Qxb5
{[%clk 0:58:54]} 14. Bxb5 {[%clk 0:51:37]} a6 {[%clk 0:59:02]} 15. Bd3
{[%clk 0:50:34]} b5 {[%clk 0:58:10]} 16. Ne5 {[%clk 0:45:56]} Rfc8
{[%clk 0:53:57]} 17. Bg3 {[%clk 0:37:04]} Nc4 {[%clk 0:48:08]} 18. Ndxc4
{[%clk 0:29:07]} bxc4 {[%clk 0:48:28]} 19. Bc2 {[%clk 0:28:14]} Ra7
{[%clk 0:45:55]} 20. b3 {[%clk 0:23:06]} cxb3 {[%clk 0:42:47]} 21. Bxb3
{[%clk 0:23:23]} a5 {[%clk 0:33:41]} 22. Kh1 {[%clk 0:17:02]} Ba3
{[%clk 0:32:37]} 23. Rb1 {[%clk 0:15:26]} Rxc3 {[%clk 0:30:50]} 24. Bf4
{[%clk 0:05:06]} h6 {[%clk 0:26:53]} 25. Bd2 {[%clk 0:04:03]} Rc8
{[%clk 0:27:05]} 26. h3 {[%clk 0:03:08]} Ne4 {[%clk 0:27:01]} 27. Be3
{[%clk 0:00:49]} Nc3 {[%clk 0:26:42]} 28. g4 {[%clk 0:00:35]} Bg6
{[%clk 0:25:09]} 29. Nxg6 {[%clk 0:00:40]} fxg6 {[%clk 0:25:29]} 30. Rbc1
{[%clk 0:00:33]} Bxc1 {[%clk 0:25:42]} 31. Rxc1 {[%clk 0:00:58]} Rac7
{[%clk 0:25:39]} 32. Bf4 {[%clk 0:00:41]} Rc6 {[%clk 0:25:57]} 33. Be5
{[%clk 0:00:34]} a4 {[%clk 0:25:37]} 34. Bd1 {[%clk 0:00:35]} Nxd1
{[%clk 0:25:22]} 35. Rxd1 {[%clk 0:01:04]} Rc1 {[%clk 0:25:39]} 36. Rxc1
{[%clk 0:01:27]} Rxc1+ {[%clk 0:26:05]} 37. Kg2 {[%clk 0:01:53]} Ra1
{[%clk 0:26:27]} 38. Bd6 {[%clk 0:00:47]} Rxa2 {[%clk 0:26:24]} 39. Kf3
{[%clk 0:00:36]} a3 {[%clk 0:26:33]} 40. Ke3 {[%clk 0:00:41]} Rb2
{[%clk 0:26:12]} 41. Bxa3 {[%clk 0:00:53]} Rb3+ {[%clk 0:26:37]} 42. Kf4
{[%clk 0:01:14]} Rxa3 {[%clk 0:26:59]} 43. h4 {[%clk 0:01:22]} Kf7
{[%clk 0:27:16]} 44. g5 {[%clk 0:01:18]} hxg5+ {[%clk 0:27:35]} 45. hxg5
{[%clk 0:01:40]} Ke7 {[%clk 0:27:29]} 46. f3 {[%clk 0:00:45]} Kd6
{[%clk 0:27:49]} 47. Kg4 {[%clk 0:01:00]} Rd3 {[%clk 0:27:54]} 48. f4
{[%clk 0:01:19]} Rxd4 0-1

[Event "WCO2014"]
[Site "Tromso"]
[Date "2014.08.09"]
[Round "7.5"]
[WhiteID "15000630"]
[White "Koskoska Gabriela"]
[BlackID "7700466"]
[Black "Smith Javanna"]
[Result "1/2-1/2"]
[LiveChessVersion "1.4.3"]
[BlackElo "1747"]
[WhiteElo "2102"]

1. c4 {[%clk 1:30:52]} Nf6 {[%clk 1:30:56]} 2. Nc3 {[%clk 1:30:12]} g6
{[%clk 1:31:20]} 3. d4 {[%clk 1:26:12]} Bg7 {[%clk 1:31:42]} 4. g3
{[%clk 1:23:17]} O-O {[%clk 1:31:57]} 5. Bg2 {[%clk 1:23:45]} d6 {[%clk 1:32:01]}
6. Nf3 {[%clk 1:21:18]} c5 {[%clk 1:32:05]} 7. dxc5 {[%clk 1:08:32]} dxc5
{[%clk 1:32:33]} 8. Qxd8 {[%clk 1:04:43]} Rxd8 {[%clk 1:33:02]} 9. Be3
{[%clk 1:05:04]} Na6 {[%clk 1:29:18]} 10. h3 {[%clk 1:02:11]} Nb4
{[%clk 1:14:03]} 11. Rc1 {[%clk 0:46:38]} Nd7 {[%clk 1:11:39]} 12. O-O
{[%clk 0:42:59]} Nc6 {[%clk 1:03:31]} 13. Rfd1 {[%clk 0:41:54]} Rb8
{[%clk 0:57:28]} 14. Ng5 {[%clk 0:34:16]} Nd4 {[%clk 0:52:52]} 15. b4
{[%clk 0:29:58]} b6 {[%clk 0:48:04]} 16. Bxd4 {[%clk 0:21:35]} Bxd4
{[%clk 0:44:14]} 17. Nd5 {[%clk 0:16:49]} Bf6 {[%clk 0:42:05]} 18. Ne4
{[%clk 0:16:18]} Re8 {[%clk 0:38:37]} 19. bxc5 {[%clk 0:12:34]} bxc5
{[%clk 0:38:57]} 20. Ndxf6+ {[%clk 0:12:16]} exf6 {[%clk 0:39:16]} 21. Rxd7
{[%clk 0:12:12]} Bxd7 {[%clk 0:37:36]} 22. Nxf6+ {[%clk 0:12:38]} Kg7
{[%clk 0:37:58]} 23. Rd1 {[%clk 0:08:22]} Kxf6 {[%clk 0:35:58]} 24. Rxd7
{[%clk 0:08:51]} Rxe2 {[%clk 0:35:12]} 25. Bd5 {[%clk 0:08:33]} Rb1+
{[%clk 0:34:55]} 26. Kg2 {[%clk 0:08:57]} Re7 {[%clk 0:34:50]} 27. Rd6+
{[%clk 0:09:26]} Kg7 {[%clk 0:33:38]} 28. Rc6 {[%clk 0:09:49]} Rb2
{[%clk 0:33:17]} 29. Rxc5 {[%clk 0:07:47]} Ree2 {[%clk 0:32:46]} 30. g4
{[%clk 0:07:48]} Rxf2+ {[%clk 0:30:38]} 31. Kg3 {[%clk 0:08:18]} Rxa2
{[%clk 0:31:05]} 32. Rc7 {[%clk 0:08:43]} Rf6 {[%clk 0:30:55]} 33. g5
{[%clk 0:07:29]} Rf5 {[%clk 0:30:26]} 34. Kg4 {[%clk 0:07:22]} Ra4
{[%clk 0:29:53]} 35. Be6 {[%clk 0:06:51]} Rf1 {[%clk 0:28:34]} 36. h4
{[%clk 0:06:10]} Kf8 {[%clk 0:26:06]} 37. Bd5 {[%clk 0:06:07]} Rf5
{[%clk 0:25:19]} 38. Kg3 {[%clk 0:05:56]} Ra3+ {[%clk 0:25:23]} 39. Kg4
{[%clk 0:05:52]} a5 {[%clk 0:24:15]} 40. Rc8+ {[%clk 0:03:19]} Ke7
{[%clk 0:23:22]} 41. Rc7+ {[%clk 0:22:10]} Ke8 {[%clk 0:52:50]} 42. Rc8+
{[%clk 0:19:40]} Kd7 {[%clk 0:51:48]} 43. Ra8 {[%clk 0:15:44]} Kd6
{[%clk 0:50:47]} 44. Ra7 {[%clk 0:12:04]} Ra4 {[%clk 0:41:05]} 45. Kg3
{[%clk 0:11:21]} Ra3+ {[%clk 0:38:29]} 46. Kg4 {[%clk 0:11:42]} Kc5
{[%clk 0:37:03]} 47. Bxf7 {[%clk 0:11:37]} Raf3 {[%clk 0:36:48]} 48. Rxa5+
{[%clk 0:10:33]} Kd6 {[%clk 0:32:46]} 49. Rxf5 {[%clk 0:10:37]} Rxf5
{[%clk 0:33:13]} 50. Bg8 {[%clk 0:10:59]} Rc5 {[%clk 0:33:39]} 51. Bxh7
{[%clk 0:06:10]} Rxc4+ {[%clk 0:33:40]} 52. Kg3 {[%clk 0:06:32]} Rc3+
{[%clk 0:33:59]} 53. Kf4 {[%clk 0:06:34]} Rc4+ {[%clk 0:34:25]} 54. Kg3
{[%clk 0:05:59]} Rc3+ {[%clk 0:34:51]} 55. Kg4 {[%clk 0:06:16]} Rc4+
{[%clk 0:35:17]} 1/2-1/2

[Event "WCO2014"]
[Site "Tromso"]
[Date "2014.08.09"]
[Round "7.6"]
[WhiteID "7700598"]
[White "Soondarsingh Aditi"]
[BlackID "15002594"]
[Black "Stojkovska Monika"]
[Result "0-1"]
[LiveChessVersion "1.4.3"]
[BlackElo "2027"]
[WhiteElo "1747"]

1. e4 {[%clk 1:30:55]} c5 {[%clk 1:30:51]} 2. d4 {[%clk 1:31:01]} cxd4
{[%clk 1:31:00]} 3. c3 {[%clk 1:31:27]} dxc3 {[%clk 1:30:54]} 4. Nxc3
{[%clk 1:31:51]} Nc6 {[%clk 1:30:40]} 5. Nf3 {[%clk 1:32:05]} e6 {[%clk 1:29:54]}
6. Bc4 {[%clk 1:32:28]} a6 {[%clk 1:30:20]} 7. O-O {[%clk 1:32:44]} Nge7
{[%clk 1:30:21]} 8. Qe2 {[%clk 1:27:23]} Ng6 {[%clk 1:29:27]} 9. Rd1
{[%clk 1:27:29]} Qc7 {[%clk 1:26:23]} 10. Be3 {[%clk 1:24:35]} b5
{[%clk 1:24:15]} 11. Bb3 {[%clk 1:25:02]} Bd6 {[%clk 1:23:32]} 12. Rac1
{[%clk 1:24:37]} Qb8 {[%clk 1:17:10]} 13. Qd2 {[%clk 1:19:13]} Bf4
{[%clk 1:15:14]} 14. Ne2 {[%clk 1:17:44]} Bxe3 {[%clk 1:13:30]} 15. Qxe3
{[%clk 1:16:28]} O-O {[%clk 1:12:49]} 16. Qc5 {[%clk 1:12:43]} h6
{[%clk 0:58:49]} 17. Rd6 {[%clk 1:04:33]} Na5 {[%clk 0:41:10]} 18. Rb6
{[%clk 0:57:24]} Bb7 {[%clk 0:35:15]} 19. Qd4 {[%clk 0:50:01]} Rd8
{[%clk 0:33:55]} 20. Ng3 {[%clk 0:28:09]} Nc6 {[%clk 0:28:49]} 21. Qc5
{[%clk 0:21:07]} Nge7 {[%clk 0:11:02]} 22. Nd4 {[%clk 0:14:23]} Nc8
{[%clk 0:07:37]} 23. Nxc6 {[%clk 0:08:54]} dxc6 {[%clk 0:07:46]} 24. Rxc6
{[%clk 0:08:19]} Bxc6 {[%clk 0:08:10]} 25. Qxc6 {[%clk 0:08:34]} Ne7
{[%clk 0:07:37]} 26. Qc3 {[%clk 0:05:27]} Ng6 {[%clk 0:05:38]} 27. Nh5
{[%clk 0:04:47]} Qe5 {[%clk 0:05:54]} 28. Qf3 Rac8 {[%clk 0:05:47]} 29. Rb1
{[%clk 0:02:12]} Rc5 {[%clk 0:05:19]} 30. Ng3 {[%clk 0:02:26]} Qf4
{[%clk 0:05:07]} 31. h3 {[%clk 0:01:01]} Qxf3 {[%clk 0:05:28]} 32. gxf3
{[%clk 0:01:26]} Nf4 {[%clk 0:05:53]} 33. Kh2 {[%clk 0:01:28]} Rd2
{[%clk 0:06:06]} 34. Rf1 {[%clk 0:01:23]} Rxb2 {[%clk 0:05:24]} 35. Nh1
{[%clk 0:01:23]} Rd2 {[%clk 0:04:57]} 36. Kg3 {[%clk 0:01:16]} Ne2+
{[%clk 0:05:11]} 37. Kh2 {[%clk 0:01:08]} Nd4 {[%clk 0:05:30]} 38. Kg3
{[%clk 0:00:38]} Rg5+ {[%clk 0:05:46]} 39. Kf4 {[%clk 0:00:58]} Rd3
{[%clk 0:06:06]} 40. Bd1 e5# {[%clk 0:06:25]} 0-1

[Event "WCO2014"]
[Site "Tromso"]
[Date "2014.08.09"]
[Round "7.7"]
[WhiteID "15000141"]
[White "Bejatovic Bojana"]
[BlackID "7701128"]
[Black "Johnson Gabriella"]
[Result "1-0"]
[LiveChessVersion "1.4.3"]
[BlackElo "1634"]
[WhiteElo "1980"]

1. d4 d5 2. Nf3 Nf6 3. Bf4 c5 4. e3 Nc6 5. Nbd2 Qb6 6. dxc5 Qxb2 7. Rb1 Qc3 8.
Bb5 Qxc5 9. O-O Bd7 10. Ba4 Qa5 11. c4 b6 12. Rb5 Qa6 13. cxd5 Nb8 14. Qb3 Qb7
15. Rc5 e5 16. dxe6 Bxc5 17. exd7+ Nbxd7 18. Ne5 O-O 19. Bc6 Qc8 20. Bxa8 Qxa8
21. Ndc4 Be7 22. Rd1 Nc5 23. Qb5 Nh5 24. Nc6 Re8 25. Bd6 Bxd6 26. Nxd6 Rf8 27.
Ne7+ Kh8 28. Qc6 Qb8 29. Qd5 g6 30. Nxf7+ Kg7 31. Nd6 Qc7 32. Qe5+ Kh6 33. Ndf5+
gxf5 34. Qxc7 1-0

[Event "WCO2014"]
[Site "Tromso"]
[Date "2014.08.09"]
[Round "7.8"]
[WhiteID "7701608"]
[White "Walcott Della-Marie"]
[BlackID "15000133"]
[Black "Nikolovska Dragana"]
[Result "0-1"]
[LiveChessVersion "1.4.3"]
[BlackElo "1893"]
[WhiteElo "1362"]

1. e4 {[%clk 1:30:57]} c5 {[%clk 1:30:46]} 2. d4 {[%clk 1:30:55]} cxd4
{[%clk 1:30:47]} 3. c3 {[%clk 1:31:06]} Nf6 {[%clk 1:30:46]} 4. Bd3
{[%clk 1:29:00]} Nc6 {[%clk 1:25:00]} 5. Nf3 {[%clk 1:26:58]} e6 {[%clk 1:18:54]}
6. Bf4 {[%clk 1:20:31]} Be7 {[%clk 1:16:09]} 7. h3 {[%clk 1:14:29]} O-O
{[%clk 1:11:03]} 8. O-O {[%clk 1:14:46]} Qb6 {[%clk 1:07:55]} 9. Qe2
{[%clk 1:13:51]} d6 {[%clk 1:04:02]} 10. Rd1 {[%clk 1:06:40]} e5 {[%clk 0:54:23]}
11. Bg3 {[%clk 1:04:23]} Be6 {[%clk 0:51:19]} 12. Rd2 {[%clk 0:55:56]} Rac8
{[%clk 0:46:18]} 13. Rc2 {[%clk 0:53:54]} dxc3 {[%clk 0:38:37]} 14. Nxc3
{[%clk 0:50:37]} Nb4 {[%clk 0:38:34]} 15. Rd2 {[%clk 0:49:56]} Nxd3
{[%clk 0:38:42]} 16. Qxd3 {[%clk 0:45:56]} Bc4 {[%clk 0:35:35]} 17. Qb1
{[%clk 0:42:08]} Rc6 {[%clk 0:33:27]} 18. Qd1 {[%clk 0:37:01]} Rfc8
{[%clk 0:30:35]} 19. Rc2 {[%clk 0:31:57]} Qc7 {[%clk 0:28:53]} 20. b3
{[%clk 0:28:41]} Bxb3 {[%clk 0:21:01]} 21. axb3 {[%clk 0:24:59]} Rxc3
{[%clk 0:21:20]} 22. Rxc3 {[%clk 0:20:40]} Qxc3 {[%clk 0:21:44]} 23. Nd2
{[%clk 0:18:16]} a6 {[%clk 0:21:36]} 24. Bh4 {[%clk 0:15:22]} Qc2
{[%clk 0:16:12]} 25. Bxf6 {[%clk 0:13:07]} Bxf6 {[%clk 0:15:31]} 26. Qe1
{[%clk 0:07:37]} h6 {[%clk 0:14:01]} 27. Rb1 {[%clk 0:06:52]} b5 {[%clk 0:13:29]}
28. Nf3 {[%clk 0:05:22]} Rc3 {[%clk 0:12:41]} 29. b4 {[%clk 0:05:21]} Rc4
{[%clk 0:12:30]} 30. Nd2 {[%clk 0:03:29]} Rd4 {[%clk 0:12:25]} 31. Rd1
{[%clk 0:02:28]} Bg5 {[%clk 0:12:24]} 32. Rc1 {[%clk 0:00:50]} Qxd2
{[%clk 0:12:09]} 33. Qxd2 {[%clk 0:00:46]} Bxd2 {[%clk 0:12:09]} 34. Rc6
{[%clk 0:00:51]} Bxb4 {[%clk 0:11:22]} 35. Rxa6 {[%clk 0:00:58]} Bc5
{[%clk 0:09:36]} 36. Ra8+ {[%clk 0:00:41]} Kh7 {[%clk 0:09:58]} 37. Rb8
{[%clk 0:00:51]} Rxe4 {[%clk 0:10:12]} 38. g3 {[%clk 0:00:40]} b4
{[%clk 0:10:26]} 39. Rb7 {[%clk 0:00:53]} Kg6 {[%clk 0:10:38]} 40. Kf1
{[%clk 0:00:52]} Rc4 {[%clk 0:10:08]} 41. f3 {[%clk 0:00:46]} Rc3
{[%clk 0:10:17]} 42. Ke2 {[%clk 0:00:54]} b3 {[%clk 0:10:38]} 43. f4
{[%clk 0:29:34]} exf4 {[%clk 0:41:10]} 44. gxf4 {[%clk 0:29:33]} Rxh3 0-1

[Event "WCO2014"]
[Site "Tromso"]
[Date "2014.08.09"]
[Round "7.9"]
[WhiteID "9301194"]
[White "Al-Zarouni Kholoud Essa"]
[BlackID "6502270"]
[Black "Gamboa Alvarado Olga Leticia"]
[Result "0-1"]
[LiveChessVersion "1.4.3"]
[BlackElo "1899"]
[WhiteElo "1862"]

1. e4 {[%clk 1:30:55]} d6 {[%clk 1:30:52]} 2. d4 {[%clk 1:31:20]} Nf6
{[%clk 1:31:18]} 3. Nc3 {[%clk 1:31:31]} g6 {[%clk 1:31:46]} 4. Be3
{[%clk 1:31:25]} Bg7 {[%clk 1:32:06]} 5. Qd2 {[%clk 1:31:04]} c6 {[%clk 1:32:15]}
6. Nf3 {[%clk 1:31:28]} b5 {[%clk 1:32:38]} 7. Bd3 {[%clk 1:30:18]} a6
{[%clk 1:31:57]} 8. h3 {[%clk 1:25:49]} Qc7 {[%clk 1:30:33]} 9. O-O
{[%clk 1:22:27]} Nbd7 {[%clk 1:30:48]} 10. Bh6 {[%clk 1:17:08]} O-O
{[%clk 1:30:24]} 11. Rfe1 {[%clk 1:15:19]} Bb7 {[%clk 1:27:37]} 12. Qg5
{[%clk 1:02:30]} c5 {[%clk 1:25:45]} 13. e5 {[%clk 0:32:52]} cxd4
{[%clk 1:17:21]} 14. Bxg7 {[%clk 0:32:33]} Kxg7 {[%clk 1:17:27]} 15. exf6+
{[%clk 0:32:40]} exf6 {[%clk 1:17:48]} 16. Nd5 {[%clk 0:32:47]} Qc5
{[%clk 1:17:36]} 17. Qg4 {[%clk 0:23:20]} Ne5 {[%clk 1:17:51]} 18. Nxe5
{[%clk 0:23:27]} dxe5 {[%clk 1:18:13]} 19. Nxf6 {[%clk 0:22:17]} Kxf6
{[%clk 1:18:18]} 20. f4 {[%clk 0:20:52]} e4 {[%clk 1:16:36]} 21. Qh4+
{[%clk 0:16:10]} Kg7 {[%clk 1:16:49]} 22. Bxe4 {[%clk 0:15:56]} Bxe4
{[%clk 1:17:03]} 23. Rxe4 {[%clk 0:16:21]} d3+ {[%clk 1:08:50]} 24. Qf2
{[%clk 0:15:12]} Qxc2 {[%clk 1:08:51]} 25. Qxc2 {[%clk 0:14:02]} dxc2
{[%clk 1:09:18]} 26. Rc1 {[%clk 0:13:04]} Rac8 {[%clk 1:09:40]} 27. Re2
{[%clk 0:12:57]} Rc4 {[%clk 1:10:01]} 28. Rcxc2 {[%clk 0:12:15]} Rxf4
{[%clk 1:10:06]} 29. Rc6 {[%clk 0:10:42]} Rf6 {[%clk 1:08:45]} 30. Rec2
{[%clk 0:10:42]} Re8 {[%clk 1:09:06]} 31. R6c3 {[%clk 0:07:59]} Re1+
{[%clk 1:08:51]} 32. Kh2 {[%clk 0:08:22]} Rfe6 {[%clk 1:07:47]} 33. Kg3
{[%clk 0:07:00]} f5 {[%clk 1:01:39]} 34. Kf2 {[%clk 0:04:33]} g5 {[%clk 0:59:54]}
35. g4 {[%clk 0:01:26]} f4 {[%clk 1:00:15]} 36. Rc7+ {[%clk 0:01:29]} Kg6
{[%clk 0:58:57]} 37. R7c6 {[%clk 0:01:53]} R1e2+ {[%clk 0:56:02]} 38. Rxe2
{[%clk 0:01:06]} Rxc6 {[%clk 0:56:30]} 39. a3 {[%clk 0:01:07]} h5
{[%clk 0:56:08]} 40. Kf3 {[%clk 0:00:50]} h4 {[%clk 0:56:28]} 41. Rd2
{[%clk 0:01:00]} Kf6 {[%clk 0:56:40]} 42. Rd5 {[%clk 0:22:49]} Rc2
{[%clk 1:19:46]} 43. Rd6+ {[%clk 0:22:31]} Kf7 {[%clk 1:18:08]} 44. Rd5
{[%clk 0:20:33]} Rxb2 {[%clk 0:58:09]} 45. Rxg5 {[%clk 0:20:22]} Rb3+
{[%clk 0:58:30]} 46. Kxf4 {[%clk 0:20:47]} Rxh3 {[%clk 0:58:54]} 47. Rh5
{[%clk 0:19:58]} Rxa3 {[%clk 0:53:49]} 48. Rxh4 {[%clk 0:20:10]} Kg6
{[%clk 0:54:01]} 49. Rh8 {[%clk 0:19:38]} Ra4+ {[%clk 0:53:40]} 50. Kg3
{[%clk 0:19:57]} b4 {[%clk 0:52:36]} 51. Rb8 {[%clk 0:19:18]} Ra3+
{[%clk 0:50:58]} 52. Kh4 {[%clk 0:19:30]} b3 {[%clk 0:51:17]} 53. Rb6+
{[%clk 0:19:49]} Kg7 {[%clk 0:50:57]} 54. g5 {[%clk 0:19:43]} a5 {[%clk 0:50:22]}
55. Kh5 {[%clk 0:19:46]} a4 {[%clk 0:49:40]} 56. Rb7+ {[%clk 0:20:10]} Kf8
{[%clk 0:49:04]} 57. g6 {[%clk 0:14:42]} Ra2 {[%clk 0:49:06]} 58. g7+
{[%clk 0:14:59]} Kg8 {[%clk 0:49:27]} 59. Kg6 {[%clk 0:15:21]} Rg2+
{[%clk 0:49:48]} 60. Kf6 {[%clk 0:15:46]} Kh7 {[%clk 0:48:31]} 61. Rb4
{[%clk 0:11:26]} Rf2+ {[%clk 0:48:09]} 62. Ke5 {[%clk 0:11:39]} b2
{[%clk 0:47:54]} 63. Rg4 {[%clk 0:06:38]} Kg8 {[%clk 0:46:15]} 64. Rb4
{[%clk 0:06:34]} a3 {[%clk 0:46:38]} 0-1

[Event "WCO2014"]
[Site "Tromso"]
[Date "2014.08.09"]
[Round "7.10"]
[WhiteID "6502938"]
[White "Acevedo Mendez Lisseth"]
[BlackID "9302972"]
[Black "Al-Zarouni Aisha"]
[Result "1/2-1/2"]
[LiveChessVersion "1.4.3"]
[BlackElo "1689"]
[WhiteElo "1846"]

1. e4 {[%clk 1:30:57]} d5 {[%clk 1:30:39]} 2. exd5 {[%clk 1:31:05]} Qxd5
{[%clk 1:30:48]} 3. Nc3 {[%clk 1:31:03]} Qd6 {[%clk 1:31:09]} 4. d4
{[%clk 1:30:39]} Nf6 {[%clk 1:31:30]} 5. h3 {[%clk 1:30:38]} c6 {[%clk 1:31:43]}
6. Nf3 {[%clk 1:31:04]} Bf5 {[%clk 1:30:39]} 7. g4 {[%clk 1:27:40]} Bg6
{[%clk 1:30:35]} 8. Bg2 {[%clk 1:28:06]} h6 {[%clk 1:23:35]} 9. Ne5
{[%clk 1:27:33]} Bh7 {[%clk 1:23:31]} 10. Bf4 {[%clk 1:27:29]} Qb4
{[%clk 1:22:00]} 11. Qd2 {[%clk 1:20:30]} e6 {[%clk 1:21:00]} 12. O-O
{[%clk 1:14:56]} Nbd7 {[%clk 1:18:12]} 13. Nxd7 {[%clk 1:07:10]} Nxd7
{[%clk 1:18:08]} 14. a3 {[%clk 1:07:31]} Qb6 {[%clk 1:18:17]} 15. Ne4
{[%clk 1:06:04]} Bxe4 {[%clk 1:14:48]} 16. Bxe4 {[%clk 1:06:29]} Nf6
{[%clk 1:14:53]} 17. Bg2 {[%clk 1:06:34]} Rd8 {[%clk 1:05:25]} 18. c3
{[%clk 1:04:38]} Bd6 {[%clk 0:50:43]} 19. Bxd6 {[%clk 1:00:15]} Rxd6
{[%clk 0:51:03]} 20. Qf4 {[%clk 1:00:31]} Rd7 {[%clk 0:41:54]} 21. Rfb1
{[%clk 0:51:56]} Qc7 {[%clk 0:34:38]} 22. Qc1 {[%clk 0:46:16]} Nd5
{[%clk 0:27:31]} 23. b4 {[%clk 0:42:31]} Qf4 {[%clk 0:16:51]} 24. Qxf4
{[%clk 0:40:20]} Nxf4 {[%clk 0:17:19]} 25. Bf1 {[%clk 0:40:44]} O-O
{[%clk 0:17:02]} 26. Kh2 {[%clk 0:38:45]} Rc8 {[%clk 0:14:23]} 27. Kg3
{[%clk 0:37:55]} Nd5 {[%clk 0:11:46]} 28. Rc1 {[%clk 0:37:49]} b6
{[%clk 0:10:44]} 29. a4 {[%clk 0:35:10]} Kf8 {[%clk 0:08:06]} 30. h4
{[%clk 0:35:01]} g6 {[%clk 0:07:31]} 31. f4 {[%clk 0:29:08]} Kg7 {[%clk 0:05:42]}
32. Kf3 {[%clk 0:29:04]} Kf6 {[%clk 0:04:14]} 33. Ra2 {[%clk 0:27:17]} g5
{[%clk 0:03:00]} 34. fxg5+ {[%clk 0:26:58]} hxg5 {[%clk 0:03:23]} 35. h5
{[%clk 0:26:53]} Kg7 {[%clk 0:03:44]} 36. Re2 {[%clk 0:24:23]} Nf4
{[%clk 0:03:18]} 37. Re4 {[%clk 0:21:36]} Kh6 {[%clk 0:03:09]} 38. Be2
{[%clk 0:18:39]} Rcd8 {[%clk 0:02:52]} 39. Bc4 {[%clk 0:17:13]} Rd6
{[%clk 0:02:38]} 40. Rh1 {[%clk 0:15:51]} Rc8 {[%clk 0:02:05]} 41. Ba2
{[%clk 0:11:52]} Rd7 {[%clk 0:23:20]} 42. Re5 {[%clk 0:34:10]} Nd3
{[%clk 0:19:30]} 43. Re2 {[%clk 0:30:05]} Nf4 {[%clk 0:19:42]} 44. Re4
{[%clk 0:27:27]} Rd6 {[%clk 0:14:13]} 45. Bb1 {[%clk 0:25:02]} Nd5
{[%clk 0:09:38]} 46. Rc1 {[%clk 0:24:38]} Nf4 {[%clk 0:09:57]} 1/2-1/2

[Event "WCO2014"]
[Site "Tromso"]
[Date "2014.08.09"]
[Round "7.11"]
[WhiteID "9302930"]
[White "Abeer Ali"]
[BlackID "6503349"]
[Black "Ramirez Gonzalez Maria Jose"]
[Result "0-1"]
[LiveChessVersion "1.4.3"]
[BlackElo "1764"]
[WhiteElo "1657"]

1. e4 {[%clk 1:30:34]} e5 {[%clk 1:30:56]} 2. Nf3 {[%clk 1:30:57]} Nc6
{[%clk 1:31:18]} 3. d4 {[%clk 1:31:23]} exd4 {[%clk 1:31:44]} 4. Bc4
{[%clk 1:31:48]} Nf6 {[%clk 1:32:09]} 5. e5 {[%clk 1:32:09]} Ng4 {[%clk 1:32:27]}
6. Qe2 {[%clk 1:31:08]} Qe7 {[%clk 1:32:42]} 7. Bf4 {[%clk 1:29:45]} f6
{[%clk 1:32:37]} 8. exf6 {[%clk 1:24:55]} Nxf6 {[%clk 1:32:53]} 9. Nbd2
{[%clk 1:16:13]} Qxe2+ {[%clk 1:25:29]} 10. Bxe2 {[%clk 1:15:00]} Be7
{[%clk 1:18:35]} 11. Nb3 {[%clk 1:04:39]} Nd5 {[%clk 0:57:41]} 12. Bd2
{[%clk 1:00:47]} Bf6 {[%clk 0:52:49]} 13. O-O-O {[%clk 0:49:21]} d6
{[%clk 0:48:16]} 14. Bb5 {[%clk 0:30:41]} Nde7 {[%clk 0:40:44]} 15. Nfxd4
{[%clk 0:27:45]} Bd7 {[%clk 0:39:12]} 16. Bxc6 {[%clk 0:19:29]} Nxc6
{[%clk 0:39:03]} 17. Nxc6 {[%clk 0:19:16]} Bxc6 {[%clk 0:39:22]} 18. f3
{[%clk 0:17:18]} Kf7 {[%clk 0:37:38]} 19. Bf4 {[%clk 0:13:44]} Rhe8
{[%clk 0:35:38]} 20. Rhe1 {[%clk 0:12:06]} a5 {[%clk 0:23:59]} 21. Bg3
{[%clk 0:10:03]} a4 {[%clk 0:23:27]} 22. Nd2 {[%clk 0:00:57]} Bg5
{[%clk 0:20:34]} 23. Kb1 {[%clk 0:00:47]} Rxe1 {[%clk 0:20:09]} 24. Bxe1
{[%clk 0:00:56]} Re8 {[%clk 0:20:16]} 25. Nc4 {[%clk 0:00:33]} Re2
{[%clk 0:19:27]} 26. Bg3 {[%clk 0:00:32]} Rxg2 {[%clk 0:16:24]} 27. Re1
{[%clk 0:00:33]} Bb5 {[%clk 0:15:11]} 28. Na3 {[%clk 0:00:34]} Ba6
{[%clk 0:14:57]} 29. b3 {[%clk 0:00:35]} axb3 {[%clk 0:13:48]} 30. axb3
{[%clk 0:00:55]} Re2 {[%clk 0:12:17]} 31. Rxe2 {[%clk 0:00:35]} Bxe2
{[%clk 0:12:45]} 32. f4 {[%clk 0:01:05]} Bf6 {[%clk 0:12:50]} 33. c4
{[%clk 0:00:40]} Bd3+ {[%clk 0:12:47]} 34. Ka2 {[%clk 0:00:34]} c6
{[%clk 0:11:49]} 35. Nb1 {[%clk 0:00:48]} Ke6 {[%clk 0:11:48]} 36. Nd2
{[%clk 0:00:37]} Kf5 {[%clk 0:11:28]} 37. Ka3 {[%clk 0:00:31]} h5
{[%clk 0:11:18]} 38. h3 {[%clk 0:00:31]} Be2 {[%clk 0:09:45]} 39. Ka2
{[%clk 0:00:35]} Bc3 {[%clk 0:09:22]} 40. Nb1 {[%clk 0:00:50]} Bb4
{[%clk 0:09:29]} 41. Kb2 {[%clk 0:30:09]} Bf1 {[%clk 0:39:22]} 42. h4
{[%clk 0:23:53]} Kg4 {[%clk 0:38:04]} 43. Bf2 {[%clk 0:23:31]} Kxf4
{[%clk 0:37:49]} 44. Bd4 {[%clk 0:23:48]} g5 {[%clk 0:34:48]} 45. hxg5
{[%clk 0:22:40]} Kxg5 {[%clk 0:35:13]} 46. Nc3 {[%clk 0:22:02]} Kf4
{[%clk 0:23:51]} 47. Bf6 {[%clk 0:21:25]} Bd3 {[%clk 0:22:21]} 48. Be7
{[%clk 0:19:50]} Kg3 {[%clk 0:19:57]} 49. Na2 {[%clk 0:13:05]} Bc5
{[%clk 0:19:58]} 50. Nc1 {[%clk 0:12:55]} Bf1 {[%clk 0:19:36]} 51. Kc3
{[%clk 0:13:07]} Kg4 {[%clk 0:18:14]} 52. b4 {[%clk 0:13:11]} Be3
{[%clk 0:18:14]} 53. Nd3 {[%clk 0:11:41]} Bxd3 {[%clk 0:17:42]} 54. Kxd3
{[%clk 0:11:45]} Bf4 {[%clk 0:17:52]} 55. Ke4 {[%clk 0:11:48]} Bg3
{[%clk 0:16:57]} 0-1